Vecné spracovanie dokumentov v oblasti spoločenských vied - porovnanie MDT, KBT a predmetových hesiel pri spracovaní historickovedných informácií diplomová práca

Bibliographic Details
Main Author: Bittnerová, Božena (Author)
Other Authors: Jurčacková, Zora, 1949- (ini)
Format: Book
Language:Slovak
PhysicalDescription:69 s. 30 cm
Published: Bratislava Filozofická fakulta Univerzity Komenského 1988
Subjects:

MARC

LEADER 00000nam a2200000 a 4500
001 vtls001316579
003 SK-MaSNL
005 20260301235408.0
008 240315sm y0 xo r 0010yyslo
035 |a SNK000269089 
040 |a SNK  |b slo  |c SNK  |e AACR2 
044 |a xo  |c SK 
072 7 |a 3  |2 konspekt 
072 7 |a 025  |x Organizácia knižníc a knižničných fondov  |2 konspekt 
080 |a 30+009  |2 1981 
080 |a 025.45  |2 1981 
080 |a 025.43  |2 1981 
080 |a 002  |2 1981 
080 |a (043)  |2 1981 
100 1 |a Bittnerová, Božena  |4 aut  |9 632597 
245 1 |a Vecné spracovanie dokumentov v oblasti spoločenských vied - porovnanie MDT, KBT a predmetových hesiel pri spracovaní historickovedných informácií  |b diplomová práca  |c diplomant: Božena Bittnerová ; školiteľ: Zora Jurčacková 
260 |a Bratislava  |b Filozofická fakulta Univerzity Komenského  |c 1988 
300 |a 69 s.  |c 30 cm 
650 0 7 |a spoločenské vedy  |2 SNK  |9 70105 
650 0 7 |a medzinárodné desatinné triedenie  |2 SNK  |9 63920 
650 0 7 |a predmetové selekčné jazyky  |2 SNK  |9 63926 
650 0 7 |a informácie  |2 SNK  |9 1285 
655 7 |a diplomové práce  |2 SNK  |9 70156 
655 7 |a diplomové práce  |2 SNK  |9 70156 
700 1 |a Jurčacková, Zora,  |d 1949-  |4 ini  |9 210379 
999 |c 974889  |d 976819 
952 |t P60, <03>, [BOOK], {603}  |a SNK  |b SNK  |y PREZ  |7 0  |p 17A0095655  |o snkDIP 282  |i snkF 1160/2002  |0 0  |1 0  |4 0  |d 2002-10-01  |l 0  |r 2005-01-02 00:00:00  |w 2026-02-24